000 01295nam0a2200325 i 4500
001 RU\NLR\BIBL_A\010452946
005 20240921220005.0
010 _a9785926606369
_9500
021 _aRU
_b14-45900
035 _a(NILC)RuMoRGB-007512115
035 _a(NLR Aleph) 010452946
090 _a9937519
_c9937519
100 _a20140819d2014 km y0rusy50 ca
101 0 _arus
102 _aRU
105 _ay|||z|||000|y
200 1 _aПолиция в системе политической власти
_fН.В. Нарыков
_gМ-во внутр. дел Рос. Федерации, Краснодар. ун-т
210 _aКраснодар
_cКрУ МВД России
_d2014
215 _a137, [1] с.
_d21
320 _aБиблиогр.: с. 127-137
606 1 _aПолиция
_xДеятельность
_xПравовое регулирование
_yРоссийская Федерация
_92187397
_3RU\NLR\AUTH\6601551121
610 0 _aполиция в системе политической власти
686 1 _aХ621.163.1
700 1 _aНарыков
_bН. В.
_gНиколай Владимирович
801 0 _aRU
_bРГБ
_c20140626
_gRCR
801 1 _aRU
_bРГБ
_c20140626
_2rusmarc
942 _cBOOK
980 _aNBR